| 000 | 01042nas a22002777a 4500 | ||
|---|---|---|---|
| 003 | BLK | ||
| 005 | 20250724162306.0 | ||
| 008 | 210315b bu |||||r|||| 00| 0 bu d | ||
| 022 | _a9772612121039 | ||
| 040 | _aBLK | ||
| 041 |
_aBUL _cBUL |
||
| 080 |
_aЛитература на отделни езици и езикови семейства _b821 _x-93-34 _z821-93-34 |
||
| 139 |
_aМики Маус разнася коледната поща _bМ 54 |
||
| 245 | _aМики Маус разнася коледната поща | ||
| 260 |
_9210229 _aMilano _bHachette _c2019 |
||
| 300 |
_a[28] с. _bс цв. ил. _c21 см |
||
| 380 | _aDX | ||
| 490 |
_9206211 _aDisney / Pixar |
||
| 490 |
_9443207 _aЗлатна колекция вълшебни приказки _v42 _x2612-1212 |
||
| 500 | _aПрев. от англ. ез. - Изд. на Disney | ||
| 852 |
_a821-93-94/Т 96 _bД |
||
| 942 |
_cCPU _n0 _s1 _036 |
||
| 944 |
_k30552 _lВиолета Тройчева _cМоника Янева |
||
| 944 | _kМ.Я. | ||
| 999 |
_c539412 _d539412 |
||
| 999 | _d539412 | ||